000 00753cam a2200253Ia 4500
008
020 _a9781446249086 (pbk)
049 _aMAIN
090 _aHM1033
_bBUU
100 1 _aBuunk, Abraham P.
245 1 0 _aApplying social psychology :
_bfrom problems to solutions /
_cAbraham P. Buunk and Mark Van Vugt.
250 _a2nd ed.
260 _aLosAngeles :
_bSAGE,
_c2013
300 _axvi, 178 p. :
_bill. ;
_c24 cm.
500 _aIncludes index.
504 _aIncludes bibliographical references.
650 0 _aSocial psychology.
700 1 _aVan Vugt, Mark.
907 _a.b10349091
_b13-11-14
_c13-11-14
003
005 20230123122111.0
040 _cNUST
942 _cBOOKS
_kHM1033
_mBUU
999 _c127812
_d127812